| 000 | 00486nam a2200169 i 4500 | ||
|---|---|---|---|
| 001 | 28474 | ||
| 003 | ES-MaACL | ||
| 005 | 20230906153848.0 | ||
| 007 | t| | ||
| 008 | 030117s1985 cr ||||1| spa d | ||
| 020 | _a9977-59-027-3 | ||
| 100 | 1 |
_aBarahona Jiménez, Luis. _925286 |
|
| 245 | 1 | 0 |
_aEnsayos / _cLuis Barahona. |
| 260 |
_aSan José de Costa Rica : _bMinisterio de Cultura, Juventud y Deportes, _c1985. |
||
| 300 |
_a133 p. ; _c21 cm. |
||
| 852 |
_aES-MaACL _jL-10666 _bR.109142 |
||
| 999 |
_c28474 _d28474 |
||